000 00442nam a22001817a 4500
005 20230119113551.0
008 200520b xxu||||| |||| 00| 0 eng d
020 _a9789374734865
041 _aeng
082 _b615
100 _aGanguli Subarna
_95559
245 _aInorganic Pharmaceutical Chemistry
250 _a2'nd
260 _aDelhi
_bAITBS Publication
_c2014
300 _a241
650 _aPharmacy
_xB.PHARMA
_97083
942 _cBK
999 _c6300
_d6298